Welcome to WEB OPAC of MRSPTU Central Library

A VHDL primer (Record no. 3855)

MARC details
000 -LEADER
fixed length control field 00406nam a2200169Ia 4500
008 - FIXED-LENGTH DATA ELEMENTS--GENERAL INFORMATION
fixed length control field 230711s9999||||xx |||||||||||||| ||und||
020 ## - INTERNATIONAL STANDARD BOOK NUMBER
International Standard Book Number 978-81-203-2366-7
041 ## - LANGUAGE CODE
Language code of text/sound track or separate title ENG
082 ## - DEWEY DECIMAL CLASSIFICATION NUMBER
Classification number 621
Item number BH-V
100 ## - MAIN ENTRY--PERSONAL NAME
Personal name Bhasker.J
245 #2 - TITLE STATEMENT
Title A VHDL primer
250 ## - EDITION STATEMENT
Edition statement 3rd Ed.
260 ## - PUBLICATION, DISTRIBUTION, ETC.
Date of publication, distribution, etc. 1999
Place of publication, distribution, etc. New Delhi
Name of publisher, distributor, etc. PHI Learning Private Limited
300 ## - PHYSICAL DESCRIPTION
Extent 392
650 ## - SUBJECT ADDED ENTRY--TOPICAL TERM
Topical term or geographic name entry element Electrical Engineering
942 ## - ADDED ENTRY ELEMENTS (KOHA)
Koha item type Book
Holdings
Withdrawn status Lost status Damaged status Not for loan Collection Home library Current library Date acquired Total checkouts Full call number Barcode Date last seen Price effective from Koha item type Cost, normal purchase price Inventory number
          MRSPTU Central Library MRSPTU Central Library     621 BH-V 13038 08/17/2023 08/17/2023 Book    
          MRSPTU Central Library MRSPTU Central Library     621 BH-V 13039 08/17/2023 08/17/2023 Book    
          MRSPTU Central Library MRSPTU Central Library     621 BH-V 13040 08/17/2023 08/17/2023 Book    
          MRSPTU Central Library MRSPTU Central Library     621 BH-V 13041 08/17/2023 08/17/2023 Book    
          MRSPTU Central Library MRSPTU Central Library     621 BH-V 13042 08/17/2023 08/17/2023 Book    
          MRSPTU Central Library MRSPTU Central Library     621 BH-V 17120 08/17/2023 08/17/2023 Book    
          MRSPTU Central Library MRSPTU Central Library     621 BH-V 17121 08/17/2023 08/17/2023 Book    
          MRSPTU Central Library MRSPTU Central Library     621 BH-V 17122 08/17/2023 08/17/2023 Book    
          MRSPTU Central Library MRSPTU Central Library     621 BH-V 17123 08/17/2023 08/17/2023 Book    
          MRSPTU Central Library MRSPTU Central Library     621 BH-V 17124 08/17/2023 08/17/2023 Book    
          MRSPTU Central Library MRSPTU Central Library     621.392 BH-V 32311 08/17/2023 08/17/2023 Book 275.00 2942478
          MRSPTU Central Library MRSPTU Central Library     621.392 BH-V 32312 08/17/2023 08/17/2023 Book 275.00 2942478
          MRSPTU Central Library MRSPTU Central Library     621.392 BH-V 32313 08/17/2023 08/17/2023 Book 275.00 2942478
          MRSPTU Central Library MRSPTU Central Library     621.392 BH-V 32314 08/17/2023 08/17/2023 Book 275.00 2942478
          MRSPTU Central Library MRSPTU Central Library     621.392 BH-V 32315 08/17/2023 08/17/2023 Book 275.00 2942478

Website Designed and Developed by MRSPTU Central Library Team

E-mail Id: librarian@mrsptu.ac.in